1880 1285 1855 1343 1846 1595 1600 1348 1590 1787 1269 1712 1304 1756 1215 1354 1522 1778 1829 1572 1686 1025 1411 1235 1938 1158 1652 1894 1493 1433 1822 1804 1426 1722 1704 1930 1460 1675 1329 1872 1932 1472 1900 1539 1014 1102 1759 1180 1488 1439 1195 1581 1324 1526 1165 1919 1427 1679 1757 1720 1190 1609 1728 1133 1691 1407 1943 1542 1243 1919 1465 1505 1227 1219 1402 1757 1762 1540 1153 1705 1247 1731 1100 1455 1340 1753 1210 1699 1441 1422 1858 1435 1544 1108 1649 1542 1927 1086 1547 BCNSPRNW ULIB Ver.6.0+V

เปลี่ยนเป็นภาษาไทย

Change to English
 แสดงรายละเอียดบรรณานุกรม
  กลับหน้าหลัก

Brief Record : Get Marc (ISO 2709) : E-mail record : QR code < ปิดหน้าต่าง
LEADER : 00000nam 2200000uu 4500
001    13399127208
003     ULIB
008    191025s2562||||th 000 0 tha d
060  4 ^aWY152^bร719
245 10 ^aรูปแบบการพัฒนาระบบการดูแลระยะยาวสำหรับผู้สูงอายุ /^cราศรี ลีนะกุลและคนอื่นๆ, บรรณาธิการ
250    ^aพิมพ์ครั้งที่ 1
260    ^aนนทบุรี :^bสภาการพยาบาล,^c2562
300    ^a147 หน้า :^bภาพประกอบ ;^c26 ซม.
650  4 ^aผู้สูงอายุ^xการดูแล
650  4 ^aผู้สูงอายุ^xสุขภาพและอนามัย
700 0  ^aราศรี ลีนะกุล,^eบรรณาธิการ
710 2  ^aสภาการพยาบาล
710 2  ^aสำนักงานกองทุนสนับสนุนการสร้างเสริมสุขภาพ
945    ^p0^l0^i006372
999    ^aประนอม เกษจรัล
รายการนี้ยังไม่มีแท็ก
คุณยังไม่ได้ล็อกอิน คุณสามารถมีกิจกรรมร่วมกับเว็บไซต์ได้ แต่ต้องล็อกอินก่อน ::
  ล็อกอิน

รายการสื่อสารสนเทศ

ลำดับที่ ประเภท เลขเรียก/บาร์โค้ด สถานที่ สถานะ
1. Book การพยาบาล
Book การพยาบาล
WY152 ร719 ฉ.1 
  Barcode: 006372
ห้องสมุดวิทยาเขตสวรรค์ประชารักษ์
►หนังสือทั่วไป
บนชั้น

รายการใกล้เคียง
    หัวเรื่อง [ผู้สูงอายุ การดูแล]

BibComment


ยังไม่เคยถูกคอมเมนท์

คอมเมนท์ทรัพยากรรายการนี้
  คอมเมนท์: รูปแบบการพัฒนาระ..


 Copyright 2026. Bcnsprnw @Library